| 000 | 00662nam a22001937a 4500 | ||
|---|---|---|---|
| 005 | 20251108174554.0 | ||
| 008 | 250721s2008 xx 000 0 ara d | ||
| 082 | 1 | 4 | _a216.532/إسع |
| 100 | 1 |
_aإسعيفان، مصطفى عايد _eمؤلف |
|
| 245 | 1 | 0 | _aأسس تربية الطفل في الإسلام / |
| 264 | 1 |
_aعمان : _bدار البداية ناشرون وموزعون، _c2008. |
|
| 300 | _a375 ص. | ||
| 650 | 1 | 7 | _aالتربيه الاسلاميه |
| 650 | 1 | 7 | _aحقوق الاطفال |
| 650 | 1 | 7 | _aالتربيه الاخلاقيه |
| 700 | 1 |
_aالخوالدة، ناصر احمد _eمقدم |
|
| 942 |
_2ddc _cBK |
||
| 999 |
_c112581 _d112581 |
||